<?xml version="1.0" encoding="UTF-8"?>
<record
    xmlns:xsi="http://www.w3.org/2001/XMLSchema-instance"
    xsi:schemaLocation="http://www.loc.gov/MARC21/slim http://www.loc.gov/standards/marcxml/schema/MARC21slim.xsd"
    xmlns="http://www.loc.gov/MARC21/slim">

  <leader>02210cam a2200253 i 4500</leader>
  <controlfield tag="003">SA-RiAUC</controlfield>
  <controlfield tag="005">20250723055457.0</controlfield>
  <controlfield tag="008">250722s1983    le     g      000 0 ara c</controlfield>
  <datafield tag="024" ind1="0" ind2=" ">
    <subfield code="a">00000000971682</subfield>
  </datafield>
  <datafield tag="040" ind1=" " ind2=" ">
    <subfield code="a">SA-JeALM</subfield>
    <subfield code="b">ara</subfield>
    <subfield code="c">SA-RiAUC</subfield>
    <subfield code="d">AE-DuMBRL</subfield>
    <subfield code="e">rda</subfield>
  </datafield>
  <datafield tag="050" ind1=" " ind2="4">
    <subfield code="b">.Z35 1983</subfield>
  </datafield>
  <datafield tag="082" ind1="0" ind2="4">
    <subfield code="a">257.2</subfield>
    <subfield code="q">SA-RiAUC</subfield>
  </datafield>
  <datafield tag="090" ind1=" " ind2=" ">
    <subfield code="a">257.2 </subfield>
    <subfield code="b">&#x632; &#x644; &#x648;</subfield>
  </datafield>
  <datafield tag="100" ind1="1" ind2=" ">
    <subfield code="a">&#x632;&#x644;&#x648;&#x645;&#x60C; &#x639;&#x628;&#x62F; &#x627;&#x644;&#x642;&#x62F;&#x64A;&#x645;</subfield>
    <subfield code="e">&#x645;&#x624;&#x644;&#x641;.</subfield>
  </datafield>
  <datafield tag="245" ind1="1" ind2="2">
    <subfield code="a">&#x627;&#x644;&#x623;&#x645;&#x648;&#x627;&#x644; &#x641;&#x64A; &#x62F;&#x648;&#x644;&#x629; &#x627;&#x644;&#x62E;&#x644;&#x627;&#x641;&#x629; /</subfield>
    <subfield code="c">&#x639;&#x628;&#x62F; &#x627;&#x644;&#x642;&#x62F;&#x64A;&#x645; &#x632;&#x644;&#x648;&#x645;.</subfield>
  </datafield>
  <datafield tag="250" ind1=" " ind2=" ">
    <subfield code="a">&#x627;&#x644;&#x637;&#x628;&#x639;&#x629; &#x627;&#x644;&#x623;&#x648;&#x644;&#x649;.</subfield>
  </datafield>
  <datafield tag="264" ind1=" " ind2="1">
    <subfield code="a">&#x628;&#x64A;&#x631;&#x648;&#x62A; :</subfield>
    <subfield code="b">&#x62F;&#x627;&#x631; &#x627;&#x644;&#x639;&#x644;&#x645; &#x644;&#x644;&#x645;&#x644;&#x627;&#x64A;&#x64A;&#x646;&#x60C;</subfield>
    <subfield code="c">1983.</subfield>
  </datafield>
  <datafield tag="300" ind1=" " ind2=" ">
    <subfield code="a">237 &#x635;&#x641;&#x62D;&#x629; &#x61B;</subfield>
    <subfield code="c">24 &#x633;&#x645;.</subfield>
  </datafield>
  <datafield tag="336" ind1=" " ind2=" ">
    <subfield code="a">&#x646;&#x635;</subfield>
    <subfield code="b">txt</subfield>
    <subfield code="2">rdacontent</subfield>
    <subfield code="3">&#x643;&#x62A;&#x627;&#x628;</subfield>
  </datafield>
  <datafield tag="520" ind1=" " ind2=" ">
    <subfield code="a">&#x64A;&#x62A;&#x646;&#x627;&#x648;&#x644; &#x643;&#x62A;&#x627;&#x628; (&#x627;&#x644;&#x623;&#x645;&#x648;&#x627;&#x644; &#x641;&#x64A; &#x62F;&#x648;&#x644;&#x629; &#x627;&#x644;&#x62E;&#x644;&#x627;&#x641;&#x629;) &#x648;&#x627;&#x644;&#x630;&#x64A; &#x642;&#x627;&#x645; &#x628;&#x62A;&#x623;&#x644;&#x64A;&#x641;&#x647; &#x639;&#x628;&#x62F; &#x627;&#x644;&#x642;&#x62F;&#x64A;&#x645; &#x632;&#x644;&#x648;&#x645;&#x60C; &#x645;&#x648;&#x636;&#x648;&#x639; (&#x627;&#x644;&#x623;&#x645;&#x648;&#x627;&#x644;) &#x627;&#x644;&#x643;&#x62A;&#x627;&#x628; &#x64A;&#x648;&#x636;&#x62D; &#x623;&#x646;&#x647; &#x642;&#x62F; &#x623;&#x646;&#x627;&#x637; &#x627;&#x644;&#x625;&#x633;&#x644;&#x627;&#x645; &#x628;&#x62F;&#x648;&#x644;&#x629; &#x627;&#x644;&#x62E;&#x644;&#x627;&#x641;&#x629; &#x623;&#x646; &#x62A;&#x642;&#x648;&#x645; &#x628;&#x631;&#x639;&#x627;&#x64A;&#x629; &#x634;&#x624;&#x648;&#x646; &#x627;&#x644;&#x623;&#x645;&#x629;&#x60C; &#x648;&#x623;&#x646;&#x627;&#x637; &#x628;&#x647;&#x627; &#x627;&#x644;&#x642;&#x64A;&#x627;&#x645; &#x628;&#x625;&#x62F;&#x627;&#x631;&#x629; &#x627;&#x644;&#x623;&#x645;&#x648;&#x627;&#x644; &#x627;&#x644;&#x648;&#x627;&#x631;&#x62F;&#x629; &#x644;&#x644;&#x62F;&#x648;&#x644;&#x629;&#x60C; &#x648;&#x625;&#x646;&#x641;&#x627;&#x642;&#x647;&#x627;&#x60C; &#x62D;&#x62A;&#x649; &#x62A;&#x62A;&#x645;&#x643;&#x646; &#x645;&#x646; &#x627;&#x644;&#x631;&#x639;&#x627;&#x64A;&#x629;&#x60C; &#x648;&#x645;&#x646; &#x62D;&#x645;&#x644; &#x627;&#x644;&#x62F;&#x639;&#x648;&#x629;&#x60C; &#x648;&#x642;&#x62F; &#x628;&#x64A;&#x646;&#x62A; &#x627;&#x644;&#x623;&#x62F;&#x644;&#x629; &#x627;&#x644;&#x634;&#x631;&#x639;&#x64A;&#x629; &#x645;&#x648;&#x627;&#x631;&#x62F; &#x627;&#x644;&#x62F;&#x648;&#x644;&#x629; &#x627;&#x644;&#x645;&#x627;&#x644;&#x64A;&#x629;&#x60C; &#x648;&#x623;&#x646;&#x648;&#x627;&#x639;&#x647;&#x627;&#x60C; &#x648;&#x643;&#x64A;&#x641;&#x64A;&#x629; &#x62A;&#x62D;&#x635;&#x64A;&#x644;&#x647;&#x627;&#x60C; &#x643;&#x645;&#x627; &#x628;&#x64A;&#x646;&#x62A; &#x645;&#x633;&#x62A;&#x62D;&#x642;&#x64A;&#x647;&#x627;&#x60C; &#x648;&#x62C;&#x647;&#x627;&#x62A; &#x635;&#x631;&#x641;&#x647;&#x627;. &#x644;&#x630;&#x644;&#x643; &#x64A;&#x633;&#x62A;&#x639;&#x631;&#x636; &#x627;&#x644;&#x645;&#x624;&#x644;&#x641; &#x627;&#x644;&#x623;&#x645;&#x648;&#x627;&#x644; &#x641;&#x64A; &#x62F;&#x648;&#x644;&#x629; &#x627;&#x644;&#x62E;&#x644;&#x627;&#x641;&#x629; &#x648;&#x623;&#x62D;&#x643;&#x627;&#x645;&#x647;&#x627;&#x60C; &#x648;&#x628;&#x64A;&#x646; &#x645;&#x648;&#x627;&#x631;&#x62F;&#x647;&#x627;&#x60C; &#x648;&#x623;&#x646;&#x648;&#x627;&#x639;&#x647;&#x627;&#x60C; &#x648;&#x639;&#x644;&#x627;&#x645; &#x62A;&#x624;&#x62E;&#x630;&#x60C; &#x648;&#x645;&#x645;&#x646; &#x62A;&#x624;&#x62E;&#x630;&#x60C; &#x648;&#x623;&#x648;&#x642;&#x627;&#x62A; &#x627;&#x633;&#x62A;&#x62D;&#x642;&#x627;&#x642;&#x647;&#x627;&#x60C; &#x648;&#x643;&#x64A;&#x641;&#x64A;&#x629; &#x62A;&#x62D;&#x635;&#x64A;&#x644;&#x647;&#x627;&#x60C; &#x648;&#x627;&#x644;&#x62C;&#x647;&#x629; &#x627;&#x644;&#x62A;&#x64A; &#x62A;&#x62D;&#x627;&#x632; &#x648;&#x62A;&#x62D;&#x641;&#x638; &#x641;&#x64A;&#x647;&#x627;&#x60C; &#x643;&#x645;&#x627; &#x628;&#x64A;&#x646;&#x627; &#x645;&#x633;&#x62A;&#x62D;&#x642;&#x64A;&#x647;&#x627;&#x60C; &#x648;&#x623;&#x648;&#x62C;&#x647; &#x635;&#x631;&#x641;&#x647;&#x627;. &#x648;&#x644;&#x645;&#x627; &#x643;&#x627;&#x646; &#x636;&#x628;&#x637; &#x647;&#x630;&#x647; &#x627;&#x644;&#x623;&#x645;&#x648;&#x627;&#x644;&#x60C; &#x648;&#x62A;&#x62D;&#x635;&#x64A;&#x644;&#x647;&#x627;&#x60C; &#x64A;&#x633;&#x62A;&#x644;&#x632;&#x645; &#x645;&#x639;&#x631;&#x641;&#x629; &#x627;&#x644;&#x623;&#x637;&#x648;&#x627;&#x644;&#x60C; &#x648;&#x627;&#x644;&#x645;&#x633;&#x627;&#x62D;&#x627;&#x62A;&#x60C; &#x648;&#x627;&#x644;&#x645;&#x643;&#x627;&#x64A;&#x64A;&#x644;&#x60C; &#x648;&#x627;&#x644;&#x623;&#x648;&#x632;&#x627;&#x646;&#x60C; &#x62A;&#x639;&#x631;&#x636; &#x627;&#x644;&#x645;&#x624;&#x644;&#x641; &#x644;&#x645;&#x627; &#x64A;&#x644;&#x632;&#x645; &#x645;&#x646; &#x630;&#x644;&#x643; &#x639;&#x644;&#x649; &#x648;&#x62C;&#x647; &#x64A;&#x628;&#x64A;&#x646; &#x648;&#x627;&#x642;&#x639;&#x647;&#x627;&#x60C; &#x648;&#x64A;&#x631;&#x641;&#x639; &#x627;&#x644;&#x62C;&#x647;&#x627;&#x644;&#x629; &#x639;&#x646;&#x647;&#x627;. </subfield>
  </datafield>
  <datafield tag="650" ind1=" " ind2="7">
    <subfield code="a">&#x627;&#x644;&#x646;&#x638;&#x627;&#x645; &#x627;&#x644;&#x645;&#x627;&#x644;&#x64A; &#x641;&#x64A; &#x627;&#x644;&#x625;&#x633;&#x644;&#x627;&#x645;</subfield>
    <subfield code="y">&#x639;&#x635;&#x631; &#x635;&#x62F;&#x631; &#x627;&#x644;&#x625;&#x633;&#x644;&#x627;&#x645;</subfield>
    <subfield code="2">aucsh</subfield>
  </datafield>
  <datafield tag="942" ind1=" " ind2=" ">
    <subfield code="2">ddc</subfield>
    <subfield code="c">BOOK</subfield>
    <subfield code="n">0</subfield>
  </datafield>
  <datafield tag="949" ind1=" " ind2=" ">
    <subfield code="a">SA-JeALM</subfield>
    <subfield code="d">250722</subfield>
    <subfield code="u">osman123</subfield>
    <subfield code="n">1</subfield>
  </datafield>
  <datafield tag="952" ind1=" " ind2=" ">
    <subfield code="0">0</subfield>
    <subfield code="1">0</subfield>
    <subfield code="2">ddc</subfield>
    <subfield code="4">0</subfield>
    <subfield code="7">0</subfield>
    <subfield code="a">WAHAB</subfield>
    <subfield code="b">WAHAB</subfield>
    <subfield code="d">2025-07-23</subfield>
    <subfield code="l">0</subfield>
    <subfield code="o">257.2  &#x632; &#x644; &#x648;</subfield>
    <subfield code="p">000016560</subfield>
    <subfield code="r">2025-07-23 05:55:27</subfield>
    <subfield code="w">2025-07-23</subfield>
    <subfield code="y">BOOK</subfield>
  </datafield>
  <datafield tag="999" ind1=" " ind2=" ">
    <subfield code="c">10200</subfield>
    <subfield code="d">10200</subfield>
  </datafield>
</record>
